<?xml version="1.0" encoding="UTF-8"?><?xml-stylesheet type="text/xsl" href="static/style.xsl"?><OAI-PMH xmlns="http://www.openarchives.org/OAI/2.0/" xmlns:xsi="http://www.w3.org/2001/XMLSchema-instance" xsi:schemaLocation="http://www.openarchives.org/OAI/2.0/ http://www.openarchives.org/OAI/2.0/OAI-PMH.xsd"><responseDate>2026-04-17T06:18:50Z</responseDate><request verb="GetRecord" identifier="oai:www.recercat.cat:20.500.12367/2494" metadataPrefix="marc">https://recercat.cat/oai/request</request><GetRecord><record><header><identifier>oai:recercat.cat:20.500.12367/2494</identifier><datestamp>2026-02-18T08:58:47Z</datestamp><setSpec>com_2072_484362</setSpec><setSpec>col_2072_484363</setSpec></header><metadata><record xmlns="http://www.loc.gov/MARC21/slim" xmlns:dcterms="http://purl.org/dc/terms/" xmlns:xsi="http://www.w3.org/2001/XMLSchema-instance" xmlns:doc="http://www.lyncode.com/xoai" xsi:schemaLocation="http://www.loc.gov/MARC21/slim http://www.loc.gov/standards/marcxml/schema/MARC21slim.xsd">
   <leader>00925njm 22002777a 4500</leader>
   <datafield ind2=" " ind1=" " tag="042">
      <subfield code="a">dc</subfield>
   </datafield>
   <datafield ind2=" " ind1=" " tag="720">
      <subfield code="a">Pérez Zapata,  Beatriz</subfield>
      <subfield code="e">author</subfield>
   </datafield>
   <datafield ind2=" " ind1=" " tag="260">
      <subfield code="c">2020-12-23</subfield>
   </datafield>
   <datafield ind2=" " ind1=" " tag="520">
      <subfield code="a">This article examines the role of intertextuality in Zadie Smith’s NW (2012) and the novel’s questioning of authorship, authenticity and identity. Relying on intertextual and postcolonial theories, the article lays bare how Smith’s novel questions the fixity and stability of selves and how she situates herself as an inherently intertextual author disrupted by others and potentially disruptive of (post)colonial ways of being and one that plays with notions of (in)authenticity and originality. For this purpose, the article pays attention to the novel’s intertextual links with the historical case of the Tichborne claimant and Jorge Luis Borges’s fictionalisation of it in the short story “Tom Castro, the Implausible Impostor,” included in the collection A Universal History of Infamy (1933). [...]</subfield>
   </datafield>
   <datafield ind1="8" ind2=" " tag="024">
      <subfield code="a">Pérez Zapata, Beatriz. I am the sole author: inauthenticity and Intertextuality in Zadie Smith’s NW. Atlantis-Spain. 2020;42(2):180-196. DOI: 10.28914/Atlantis-2020-42.2.09</subfield>
   </datafield>
   <datafield ind1="8" ind2=" " tag="024">
      <subfield code="a">0210-6124; 1989-6840</subfield>
   </datafield>
   <datafield ind1="8" ind2=" " tag="024">
      <subfield code="a">https://hdl.handle.net/20.500.12367/2494</subfield>
   </datafield>
   <datafield ind1="8" ind2=" " tag="024">
      <subfield code="a">10.28914/Atlantis-2020-42.2.09</subfield>
   </datafield>
   <datafield tag="653" ind2=" " ind1=" ">
      <subfield code="a">Intertextuality</subfield>
   </datafield>
   <datafield tag="653" ind2=" " ind1=" ">
      <subfield code="a">Authenticity</subfield>
   </datafield>
   <datafield tag="653" ind2=" " ind1=" ">
      <subfield code="a">Authorship</subfield>
   </datafield>
   <datafield tag="653" ind2=" " ind1=" ">
      <subfield code="a">Postcolonialism</subfield>
   </datafield>
   <datafield tag="653" ind2=" " ind1=" ">
      <subfield code="a">Zadie Smith</subfield>
   </datafield>
   <datafield ind2="0" ind1="0" tag="245">
      <subfield code="a">“I am the sole author”: inauthenticity and Intertextuality in Zadie Smith’s NW</subfield>
   </datafield>
</record></metadata></record></GetRecord></OAI-PMH>